1389 1113 1600 1936 1913 1188 1700 1835 1660 1317 1867 1587 1199 1269 1807 1004 1846 1103 1305 1891 1704 1137 1200 1178 1503 1350 1078 1515 1382 1501 1937 1384 1622 1228 1525 1144 1196 1633 1254 1256 1307 1126 1543 1662 1427 1113 1668 1145 1984 1217 1491 1739 1644 1084 1182 1656 1947 1875 1425 1415 1701 1214 1025 1659 1732 1519 1238 1911 1629 1781 1335 1300 1219 1773 1713 1495 1717 1782 1068 1753 1317 1022 1529 1439 1928 1969 1657 1545 1444 1520 1505 1569 1725 1964 1792 1593 1988 1666 1548 BCNSPRNW ULIB Ver.6.0+V

เปลี่ยนเป็นภาษาไทย

Change to English
 แสดงรายละเอียดบรรณานุกรม
  กลับหน้าหลัก

Brief Record : Get Marc (ISO 2709) : E-mail record : QR code < ปิดหน้าต่าง
LEADER : 00000nam 2200000uu 4500
001    13399112435
003     ULIB
008    110203s2553||||th 000 0 tha d
020    9786165110327
060 04 QY408^bช518ต 2553
100 0  ชาติชาย คล้ายสุวรรณ
245 10 ตรวจเลือดพิชิตโรค/^cชาติชาย คล้ายสุวรรณ
250    พิมพ์ครั้งที่ 1
260    กรุงเทพฯ :^bดวงกมลพับลิชชิ่ง,^c2553
300    136 หน้า
650  7 โรคเลืด
650  7 วิธีการตรวจเลือด
650  7 เลือด^xการตรวจ
945    ^p115^l0^i028384
945    ^p115^l0^i028385
945    ^p115^l0^i028386
995    ทศพร
999 ^a ใช้งานได้ทุกระบบ
รายการนี้ยังไม่มีแท็ก
คุณยังไม่ได้ล็อกอิน คุณสามารถมีกิจกรรมร่วมกับเว็บไซต์ได้ แต่ต้องล็อกอินก่อน ::
  ล็อกอิน

รายการสื่อสารสนเทศ

ลำดับที่ ประเภท เลขเรียก/บาร์โค้ด สถานที่ สถานะ
- ไม่พบข้อมูล -

รายการใกล้เคียง
    ผู้แต่ง [ชาติชาย คล้ายสุวรรณ]

    หัวเรื่อง [โรคเลืด]
    หัวเรื่อง [วิธีการตรวจเลือด]

BibComment


ยังไม่เคยถูกคอมเมนท์

คอมเมนท์ทรัพยากรรายการนี้
  คอมเมนท์: ตรวจเลือดพิชิตโรค..


 Copyright 2026. Bcnsprnw @Library